| 000 | 00708nam a2200205Ii 4500 | ||
|---|---|---|---|
| 003 | JO-AjNU | ||
| 008 | 230605s9999||||xx |||||||||||||| ||und|| | ||
| 040 |
_aJO-AjNU _bara _erda _cJO-AjNU |
||
| 041 | _aara | ||
| 050 | 1 | 4 | _aBP53.N2.1991 |
| 100 | 3 |
_aالندوي،أبو الحسن علي الحسني ، قطب،سيد/تقديم, _eauthor _915453 |
|
| 245 | 0 | 0 | _aماذا خسر العالم بإنحطاط المسلمين؟ |
| 250 | _aطبعة جديدة | ||
| 264 | 3 | 1 | _aبيروت:دار الجيل ،1991 |
| 300 | _a431ص | ||
| 336 |
_atext _btxt _2rdacontent |
||
| 337 |
_aunmediated _bn _2rdamedia |
||
| 338 |
_avolume _bnc _2rdacarrier |
||
| 650 | 4 |
_aالعالم الاسلامي-تاريخ _915454 |
|
| 999 |
_aA4368 _c7936 _d7936 |
||